Obras dramáticas. tomo 6 /

Guardado en:
Autor Principal: Shakespeare, William
Formato: Libro
Publicado: España : Hernando, 1895
Materias:
Etiquetas: Agregar Etiqueta
Sin Etiquetas, Sea el primero en etiquetar este registro!
LEADER 00558nam a22001935a 4500
001 CEM.cems005964
005 20060214000000.0
008 130507s1895##################000#0#####d
003 CEMS
082 0 4 |a 822.3 
100 1 |a Shakespeare, William 
245 1 0 |a Obras dramáticas. tomo 6 / 
260 |a España :  |b Hernando,  |c 1895 
300 |a 411 p. 
505 0 |a Cimbelino.- Las alegres comadres de Windsor.- La fiera domada.- 
653 |a Literatura 
653 |a Teatro 
653 |a Teatro ingles 
859 |a CEMS  |b BIB. CEMS - 11 de abril  |h 822.3  |i Sh14/VI  |p 9534.81  |t Ej.1